| 000 | 00619nam a22002297a 4500 | ||
|---|---|---|---|
| 003 | OSt | ||
| 005 | 20210423060655.0 | ||
| 008 | 210222s1996 ||||| |||| 00| 0 eng d | ||
| 020 | _a0822020521 | ||
| 040 |
_aeng _beng _cDLC |
||
| 041 | _aeng | ||
| 080 |
_a37 _bB-69 |
||
| 100 |
_9661 _aBobrow, Jerry |
||
| 245 |
_aPraxis I / Pre-Professional Skills Tests _b: Preparation Guide _c/ by: Cliffs Notes |
||
| 250 | _a2nd edition | ||
| 260 |
_aLincoln, USA _bCliffs Notes _c1996 |
||
| 300 |
_a301 p. _bill. |
||
| 365 | _b9.95 usd | ||
| 650 | 0 |
_9318 _aEducation |
|
| 653 | _aგანათლება | ||
| 942 |
_2udc _cBK _e2 |
||
| 999 |
_c1630 _d1630 |
||